000 00297nam a22001337a 4500
008 170830b xxu||||| |||| 00| 0 eng d
020 _a2900495006434
041 _aeng
080 _22 ed
_a070
100 _a40
101 _aMED
245 _aTHE PROSTYLE GUIDE
_cBARBARA.D
942 _2udc
_cBK
999 _c25591
_d25591